000 00970nam0a22002651 4500
001 RU\INFOCOMM_322\NLR\5000099192
005 20250613103212.0
035 _a(NLR Aleph) 009461757
090 _a8471266
_c8471266
100 _a20121210d1962 |||y0rusy50 ca
101 0 _ager
102 _aRU
105 _ay z |||||
200 1 _aStatut der Kommunistischen Partei der Sowjetunion
_eAngenommen vom XXII. Parteitag der KPdSU am 31. Okt. 1961
210 _aM.
_cVerl. für fremdsprachige Lit.
_d1962
215 _a32 с.
_d20 см
300 _aНа 4-ой с. обл.: Устав Коммунистической партии Советского Союза. Принят XXII съездом КПСС 31 окт. 1961 г.
620 _aМосква
686 _aКП(1)2902
_2rubbk
710 0 2 _aKommunistische Partei der Sowjetunion
_4070
801 1 _aRU
_bNLR
_c20121210
801 0 _aRU
_bINFOCOMM
_gPSBO
852 _aNLR
_jИп11 Г-4/120
942 _cBOOK
980 _aNB